Exploring social problems : readings and research /

Bibliographic Details
Other Authors: Kart, Cary S. (Cary Steven), 1946-
Format: Book
Language:English
Published: Sherman Oaks, CA : Alfred Pub. Co., [1978]
Subjects:

MARC

Tag First Indicator Second Indicator Subfields
LEADER 00000cam a2200000 i 4500
001 in00000309727
005 20151010151933.0
008 771130s1978 cau b 00000 eng
010 |a  77026096  
020 |a 0882840606 :  |c $7.95 
035 |a (OCoLC)03516989 
035 |9 ABJ0065AM 
040 |a DLC  |c DLC  |d OCL  |d TXA  |d UtOrBLW 
049 |a TXAM  |c [1418914] 
050 0 0 |a HN16  |b .E94 
082 0 |a 362/.042 
245 0 0 |a Exploring social problems :  |b readings and research /  |c [edited by] Cary S. Kart. 
264 1 |a Sherman Oaks, CA :  |b Alfred Pub. Co.,  |c [1978] 
264 4 |c ©1978 
300 |a xi, 473 pages ;  |c 23 cm. 
336 |a text  |b txt  |2 rdacontent 
337 |a unmediated  |b n  |2 rdamedia 
338 |a volume  |b nc  |2 rdacarrier 
504 |a Includes bibliographical references. 
650 0 |a Social problems. 
650 0 |a Social sciences  |x Methodology. 
700 1 2 |a Kart, Cary S.  |q (Cary Steven),  |d 1946- 
999 |a MARS 
999 f f |s 1c241c24-1a95-398c-8d32-17949e4fcd78  |i b6ade0ae-24e4-326e-a7e7-9964f8cb771b  |t 0 
952 f f |p ric  |a Texas A&M University  |b Rellis Campus  |c Joint Library Facility  |d Remote Storage  |t 0  |e HN16 .E94  |h Library of Congress classification  |i unmediated -- volume  |m A14802928081 
998 f f |a HN16 .E94  |t 0  |l Remote Storage